NSE Level 2 Vocab: El Comedor (Spanish to English) - Statistics

General Stats
  • This quiz has been taken 20 times
  • The average score is 13 of 22
Answer Stats
Hint Answer % Correct
plato plate, dish
83%
comer to eat
83%
cuchara spoon
72%
azúcar sugar
72%
pasar to pass
72%
tenedor fork
67%
cuchillo knife
67%
sal salt
67%
mesa table
67%
taza cup
61%
vaso glass
61%
desayunar to eat breakfast
61%
servir (i) to serve
61%
pimienta pepper
56%
cenar to eat dinner
56%
almorzar to eat lunch
56%
poner la mesa to set the table
56%
servilleta napkin
39%
cucharita, cucharilla teaspoon
33%
copa de vino wine glass
33%
mantel tablecloth
22%
platillo saucer
17%
No matching quizzes found
Score Distribution
Percent of People with Each Score
Percentile by Number Answered
Your Score History
You have not taken this quiz